<?xml version="1.0" encoding="UTF-8"?>
<marc:record xmlns:marc="http://www.loc.gov/MARC21/slim">
   <marc:leader>00000nam a2200000 a 4500</marc:leader>
   <marc:datafield ind1="1" ind2=" " tag="100">
      <marc:subfield code="a">Kiilerich, Karsten</marc:subfield>
      <marc:subfield code="4">drt</marc:subfield>
      <marc:subfield code="e">Regisseur/-in</marc:subfield>
   </marc:datafield>
   <marc:datafield ind1="0" ind2="0" tag="245">
      <marc:subfield code="a">Bibi und Tina</marc:subfield>
   </marc:datafield>
   <marc:datafield ind1="0" ind2="0" tag="245">
      <marc:subfield code="b">Sabrinas Fohlen, Ferien auf dem Martinshof</marc:subfield>
   </marc:datafield>
   <marc:datafield ind1=" " ind2="1" tag="264">
      <marc:subfield code="a">Berlin</marc:subfield>
      <marc:subfield code="b">Kiddinx</marc:subfield>
      <marc:subfield code="c">2003</marc:subfield>
   </marc:datafield>
   <marc:datafield ind1="1" ind2=" " tag="520">
      <marc:subfield code="a">Ferien auf dem Martinshof:&#xD;
Bibis großer Taum wird wahr: Ferien auf einem Reiterhof! Doch als sie ankommt, erfährt sie, dass die Familie Martin die Pacht nicht mehr zahlen kann. Der Hof soll geräumt und die Tiere verkauft werden. Tina Marti ist in Bibis Alter. Die beiden Mädchen werden beste Freundinnen. Gemeinsam versuchen sie den Reiterhof zu retten: Eine spannende Geschicht mit ein bisschen Hexerei, ein wenig Liebe, mit einer Menge Spaß und vielen, vielen Perdeszenen.&#xD;
Sabrinas Fohlen:&#xD;
Bibis Lieblingsstufe Sabrina erwartet ein Fohlen. Als es soweit ist, müssen Bibi und Tina helfen, das Fohlen zur Welt zu bringen. Sie nennen es Felix. Am Morgen reiten sie nach Falkenstein, denn Felix braucht ein wichtiges Medikament. Sabrina und ihr Fohlen werden unterdessen auf die Koppel gebracht. Dort lauert Freddy. Er will auf seinem fisierten Moped ein Rennen gegen die Pferden fahren. Aber Sabrina steigt und will ihr Fohlen beschützen. opb doch noch alles zu einem guten Ende kommt?</marc:subfield>
   </marc:datafield>
   <marc:datafield ind1=" " ind2=" " tag="041">
      <marc:subfield code="a">ger</marc:subfield>
   </marc:datafield>
   <marc:datafield ind1=" " ind2=" " tag="338">
      <marc:subfield code="a">Videodisk</marc:subfield>
   </marc:datafield>
   <marc:datafield ind1=" " ind2=" " tag="300">
      <marc:subfield code="a">55 min. Farbe</marc:subfield>
   </marc:datafield>
</marc:record>
